| 000 | 00662cab a2200217 4500 | ||
|---|---|---|---|
| 001 | WB3233-20 | ||
| 008 | 090401t1996 xxu||||| |||| 00| 0 eng d | ||
| 035 | _a(Sirsi) u5539 | ||
| 041 | _aeng | ||
| 245 | _aShop rents rise | ||
| 260 | _c1996 | ||
| 350 | _a0 | ||
| 490 |
_aDaily Telegraph _v2 September 1996, 25(1) |
||
| 520 | _aThe retail market in regional centres is recovering, according to Healey and Baker. | ||
| 650 | _aHEALEY AND BAKER | ||
| 650 | _aREGIONAL CENTRES | ||
| 650 | _aPROPERTY-COMMERCIAL PROPERTY-RETAIL PROPERTY-RETAIL PROPERTY MARKET | ||
| 690 | _aPROPERTY-COMMERCIAL PROPERTY-RETAIL PROPERTY | ||
| 942 | _n0 | ||
| 948 | _c04/03/1997 | ||
| 999 |
_c3304 _d3304 |
||